German Empire - Statistics

General Stats
  • This quiz has been taken 354 times
    286 since last reset
  • The average score is 16 of 30
Answer Stats
Answer % Correct
Poland
93%
France
87%
Denmark
85%
Belgium
84%
Germany
78%
Netherlands
78%
Russia
75%
Namibia
69%
Lithuania
65%
Tanzania
62%
Czech Republic
59%
Cameroon
55%
Togo
55%
Papua New Guinea
54%
China (Jiaozhou Bay Concession and "Chefoo" aka today's Yantai)
48%
Republic of Congo
45%
Burundi
43%
Rwanda
43%
Ghana (Volta Triangle of Togoland)
41%
Samoa
39%
Palau
35%
Federal States of Micronesia (Caroline Islands)
34%
Marshall Islands
34%
Central African Republic
32%
Gabon
32%
Nauru
31%
Solomon Islands (Northern Solomon Islands)
31%
Botswana (Südrand des Caprivi-Zipfels, present day Caprivi Strip)
30%
Chad
30%
Mozambique (Kionga Triangle)
30%
No matching quizzes found
Score Distribution
Percent of People with Each Score
Percentile by Number Answered
Your Score History
You have not taken this quiz since the last reset